000 00428 a2200133 4500
001 ART_25610
005 20260410161935.0
008 260409a
245 1 0 _aLa actualidad económica
100 1 _aAlsogaray, Alvaro Carlos
700 1 _aAlemann, Roberto T.
700 1 _aReig, Enrique Jorge
773 0 _tAnales de la Academia Nacional de Ciencias Económicas
_g- Vol. XXXII, (1987) (ene. 1988)
_wREV25596
999 _c28930
_d28930